[Event "2021 FIDE Online Olympiad"]
[Site "Chess.com"]
[Date "2021.08.27"]
[Round "1.6"]
[White "La Fleur, Zara"]
[Black "Kaslan, Catherine"]
[Result "1-0"]
[WhiteElo "1299"]
[BlackElo "1856"]
[PlyCount "113"]
[EventDate "2021.08.27"]
[EventType "team"]
[EventRounds "9"]
[SourceVersionDate "2018.05.14"]
[WhiteTeam "Trinidad & Tobago"]
[BlackTeam "Suriname"]
[BlackTeamCountry "SUR"]

1. e4 c5 2. Nf3 d6 3. d4 cxd4 4. Nxd4 Nf6 5. Nc3 a6 6. Bc4 e6 7. Bb3 Be7 8. Be3
O-O 9. O-O Qc7 10. f4 b5 11. a3 Nc6 12. Qe2 Na5 13. Rad1 Nxb3 14. Nxb3 Bb7 15.
Bd4 Rac8 16. e5 Nd5 17. Kh1 Nxc3 18. Bxc3 d5 19. f5 Qc4 20. Qe3 exf5 21. Rxf5
Rcd8 22. Qg3 Bc8 23. Rf4 Qc7 24. Nd4 Be6 25. Nf5 g6 26. Nh6+ Kh8 27. Rxf7 Rxf7
28. Nxf7+ Kg7 29. Nxd8 Qxd8 30. Qf3 Qf8 31. Qxf8+ Bxf8 32. Kg1 Bc5+ 33. Kf1 Kf7
34. h3 Bb6 35. Rd3 h5 36. Rf3+ Ke7 37. Bb4+ Kd7 38. Bd6 Bf5 39. c3 Ke6 40. Ke2
Kd7 41. Kd2 Bd8 42. Ke3 Bg5+ 43. Kd4 Bc1 44. Rf2 Ke6 45. g4 hxg4 46. hxg4 Bxg4
47. Rf6+ Kd7 48. Rxg6 Be6 49. Rg7+ Kc6 50. Rc7+ Kb6 51. Re7 Bg4 52. b4 Bf3 53.
Bc5+ Kc6 54. Re6+ Kd7 55. Rxa6 Bd2 56. e6+ Ke8 57. Ra8# 1-0

[Event "2021 FIDE Online Olympiad"]
[Site "Chess.com"]
[Date "2021.08.27"]
[Round "1.1"]
[White "Kamwendo, Precious"]
[Black "Florentiades, Michalis"]
[Result "1/2-1/2"]
[WhiteElo "1934"]
[BlackElo "2024"]
[PlyCount "75"]
[EventDate "2021.08.27"]
[EventType "team"]
[EventRounds "9"]
[SourceVersionDate "2018.05.14"]
[WhiteTeam "Malawi"]
[BlackTeam "Cyprus"]
[WhiteTeamCountry "MWI"]
[BlackTeamCountry "CYP"]

1. Nf3 d5 2. d4 Nf6 3. g3 c6 4. Bg2 h6 5. O-O Bf5 6. c4 e6 7. Nc3 Be7 8. Ne5
O-O 9. Bh1 Nbd7 10. b3 Nxe5 11. dxe5 Nd7 12. cxd5 Nxe5 13. dxc6 Nxc6 14. Bb2
Bf6 15. Na4 Bxb2 16. Nxb2 Rc8 17. e3 Qf6 18. Qe2 Nb4 19. Rfc1 Rxc1+ 20. Rxc1
Nxa2 21. Rc7 Rd8 22. Bxb7 Nc3 23. Qc4 Nd5 24. Rc8 Rxc8 25. Qxc8+ Kh7 26. Qc1
Be4 27. f4 Qe7 28. Bxd5 Bxd5 29. Nc4 Qb4 30. Qc2+ g6 31. Kf2 a5 32. e4 Bb7 33.
Qd3 a4 34. Qd7 Kg7 35. Qd4+ Kh7 36. Qd7 Kg7 37. Qd4+ Kh7 38. Qd7 1/2-1/2

[Event "2021 FIDE Online Olympiad"]
[Site "Chess.com"]
[Date "2021.08.27"]
[Round "1.2"]
[White "Savva, Marios"]
[Black "Matola, Ernest"]
[Result "0-1"]
[WhiteElo "1777"]
[BlackElo "1812"]
[PlyCount "30"]
[EventDate "2021.08.27"]
[EventType "team"]
[EventRounds "9"]
[SourceVersionDate "2018.05.14"]
[WhiteTeam "Cyprus"]
[BlackTeam "Malawi"]
[WhiteTeamCountry "CYP"]
[BlackTeamCountry "MWI"]

1. e4 e5 2. Nf3 Nf6 3. Nxe5 d6 4. Nf3 Nxe4 5. d4 Be7 6. Bd3 Nf6 7. O-O O-O 8.
h3 c5 9. c3 Nc6 10. Bf4 Qb6 11. Qd2 cxd4 12. cxd4 Nb4 13. Be2 Ne4 14. Qc1 Bf5
15. Qd2 Nxd2 0-1

[Event "2021 FIDE Online Olympiad"]
[Site "Chess.com"]
[Date "2021.08.27"]
[Round "1.3"]
[White "Shriyan Santosh, Priyasha"]
[Black "Ioannides Liu, Alice"]
[Result "1-0"]
[WhiteElo "1542"]
[BlackElo "1475"]
[PlyCount "127"]
[EventDate "2021.08.27"]
[EventType "team"]
[EventRounds "9"]
[SourceVersionDate "2018.05.14"]
[WhiteTeam "Malawi"]
[BlackTeam "Cyprus"]
[WhiteTeamCountry "MWI"]
[BlackTeamCountry "CYP"]

1. Nf3 Nf6 2. g3 g6 3. Bg2 Bg7 4. O-O O-O 5. d3 d6 6. e4 c5 7. c3 Nc6 8. Re1
Qc7 9. d4 cxd4 10. cxd4 e5 11. Nc3 Bg4 12. dxe5 dxe5 13. h3 Rad8 14. Nd5 Nxd5
15. exd5 Bxf3 16. Bxf3 Nd4 17. Be3 Nxf3+ 18. Qxf3 b6 19. Red1 Rfe8 20. Rac1 Qd7
21. Qg2 Rc8 22. Kh2 e4 23. Rxc8 Qxc8 24. b3 f5 25. Bf4 Be5 26. Be3 Rd8 27. Qf1
Kg7 28. Qb5 Qd7 29. Qa6 Rc8 30. Rc1 Rxc1 31. Bxc1 h6 32. Qc4 Qc7 33. Bb2 Kf8
34. Bxe5 Qxe5 35. Qc8+ Ke7 36. Qb7+ Kd6 37. Qc6+ Ke7 38. Qxg6 f4 39. Qh7+ Kd6
40. Qxh6+ Kxd5 41. Qxf4 Qd4 42. h4 a5 43. h5 b5 44. h6 a4 45. bxa4 bxa4 46.
Qf7+ Kc5 47. Qa7+ Kd5 48. Qxd4+ Kxd4 49. h7 a3 50. h8=Q+ Kd3 51. Qa8 e3 52.
fxe3 Kxe3 53. g4 Ke2 54. Qxa3 Kd1 55. Qd3+ Kc1 56. g5 Kb2 57. a4 Kc1 58. a5 Kb2
59. a6 Kc1 60. a7 Kb2 61. a8=Q Kc1 62. Qc6+ Kb2 63. Qdb5+ Ka3 64. Qca6# 1-0

[Event "2021 FIDE Online Olympiad"]
[Site "Chess.com"]
[Date "2021.08.27"]
[Round "1.4"]
[White "Ozbil, Djeren"]
[Black "Msukwa, Tupokiwe"]
[Result "1/2-1/2"]
[WhiteElo "1220"]
[BlackElo "1299"]
[PlyCount "71"]
[EventDate "2021.08.27"]
[EventType "team"]
[EventRounds "9"]
[SourceVersionDate "2018.05.14"]
[WhiteTeam "Cyprus"]
[BlackTeam "Malawi"]
[WhiteTeamCountry "CYP"]
[BlackTeamCountry "MWI"]

1. e4 c5 2. Bc4 e6 3. Nc3 a6 4. a3 Nc6 5. Nf3 d6 6. d3 h6 7. O-O Nf6 8. Re1 Be7
9. Bf4 O-O 10. e5 Nd7 11. exd6 Bf6 12. Rb1 b5 13. Ba2 Nb6 14. Ne4 e5 15. Nxf6+
Qxf6 16. Bxe5 Nxe5 17. Nxe5 Qxd6 18. Qh5 Ra7 19. Ng6 Rd8 20. Ne5 Nd5 21. Bxd5
Qxd5 22. c4 Qd6 23. Re3 Re7 24. Rbe1 Rde8 25. f4 f6 26. Qg6 Qd4 27. Kh1 fxe5
28. fxe5 Rxe5 29. Rxe5 Rxe5 30. Rxe5 Qxe5 31. h3 Bf5 32. Qh5 Qe1+ 33. Kh2 Qe5+
34. Kh1 Qe1+ 35. Kh2 Qe5+ 36. Kh1 1/2-1/2

[Event "2021 FIDE Online Olympiad"]
[Site "Chess.com"]
[Date "2021.08.27"]
[Round "1.5"]
[White "Kaliba, Andrew"]
[Black "Amvrosiades, Themistokles"]
[Result "1-0"]
[WhiteElo "1000"]
[BlackElo "1000"]
[PlyCount "69"]
[EventDate "2021.08.27"]
[EventType "team"]
[EventRounds "9"]
[SourceVersionDate "2018.05.14"]
[WhiteTeam "Malawi"]
[BlackTeam "Cyprus"]
[WhiteTeamCountry "MWI"]
[BlackTeamCountry "CYP"]

1. e4 e5 2. Nf3 Nc6 3. Bb5 d6 4. h3 Nf6 5. Qe2 Be7 6. c3 a6 7. Ba4 Bd7 8. O-O
O-O 9. Bb3 Be6 10. Rd1 h6 11. d4 Bxb3 12. axb3 exd4 13. cxd4 Qd7 14. Nc3 Rfe8
15. d5 Ne5 16. Nxe5 dxe5 17. Be3 Bf8 18. Qf3 Be7 19. Qg3 Nh5 20. Qxe5 Nf6 21.
Qd4 c5 22. Qd2 Qd6 23. Bf4 Qd7 24. f3 Nh5 25. Bh2 Bg5 26. f4 Bh4 27. Qe2 Nf6
28. e5 Nh7 29. Qf3 Nf8 30. Bg3 Bxg3 31. Qxg3 Ng6 32. Ne4 b6 33. h4 a5 34. h5
Nf8 35. Nf6+ 1-0

[Event "2021 FIDE Online Olympiad"]
[Site "Chess.com"]
[Date "2021.08.27"]
[Round "1.6"]
[White "Miltiadou, Danai"]
[Black "Dutt, Lakshita"]
[Result "0-1"]
[WhiteElo "1278"]
[BlackElo "1715"]
[PlyCount "114"]
[EventDate "2021.08.27"]
[EventType "team"]
[EventRounds "9"]
[SourceVersionDate "2018.05.14"]
[WhiteTeam "Cyprus"]
[BlackTeam "Malawi"]
[WhiteTeamCountry "CYP"]
[BlackTeamCountry "MWI"]

1. e4 e5 2. Nf3 Nc6 3. d4 exd4 4. Nxd4 Bc5 5. Nxc6 Qf6 6. Be3 Bxe3 7. fxe3 dxc6
8. Nc3 Ne7 9. Bc4 Be6 10. Bxe6 Qxe6 11. Qf3 O-O-O 12. O-O Rdf8 13. a4 h5 14. a5
g5 15. Qf6 Qxf6 16. Rxf6 Ng8 17. Rf3 Nh6 18. e5 Re8 19. Ne4 Rxe5 20. Nf6 h4 21.
Rd1 Rxa5 22. h3 Ra2 23. Rb1 Rd8 24. Rff1 Rd2 25. Rfc1 Ra5 26. Ne4 Re2 27. Re1
Rxe1+ 28. Rxe1 Re5 29. Nf6 Nf5 30. e4 Ng3 31. c3 Re6 32. Ng4 Nxe4 33. Nh2 Kd7
34. Nf3 f6 35. Nd4 Re5 36. Kh2 Ng3 37. Rxe5 fxe5 38. Nf3 e4 39. Nxg5 e3 40. Nf3
e2 41. Kg1 Ke6 42. Kf2 Kd5 43. b3 Ke4 44. c4 Kd3 45. Ne1+ Kd2 46. Nf3+ Kd1 47.
Ne1 a5 48. Nf3 b5 49. Kg1 e1=Q+ 50. Nxe1 Kxe1 51. cxb5 cxb5 52. Kh2 a4 53. Kg1
a3 54. Kh2 a2 55. Kg1 a1=Q 56. Kh2 Kf2 57. b4 Qh1# 0-1

[Event "2021 FIDE Online Olympiad"]
[Site "Chess.com"]
[Date "2021.08.27"]
[Round "1.1"]
[White "Germinal, Kemly"]
[Black "Zambrana, Oswaldo"]
[Result "0-1"]
[WhiteElo "1000"]
[BlackElo "2464"]
[PlyCount "56"]
[EventDate "2021.08.27"]
[EventType "team"]
[EventRounds "9"]
[SourceVersionDate "2018.05.14"]
[WhiteTeam "Haiti"]
[BlackTeam "Bolivia"]
[WhiteTeamCountry "HAI"]
[BlackTeamCountry "BOL"]

1. e4 c5 2. Nc3 Nc6 3. Bb5 Na5 4. f4 a6 5. Be2 Nc6 6. Nf3 g6 7. O-O Bg7 8. d3
b5 9. a3 d6 10. Qe1 e6 11. Be3 Nd4 12. Bd1 Ne7 13. e5 Nef5 14. Bxd4 cxd4 15.
Ne4 dxe5 16. fxe5 O-O 17. Qf2 Bb7 18. Re1 h5 19. g3 Rc8 20. h3 Ne3 21. Nd6 Bxf3
22. Qxf3 Rc5 23. Ne4 Rxe5 24. h4 Rf5 25. Qe2 Qc7 26. c3 Rd8 27. Rc1 Ng4 28.
cxd4 Qxc1 0-1

[Event "2021 FIDE Online Olympiad"]
[Site "Chess.com"]
[Date "2021.08.27"]
[Round "1.2"]
[White "Gemy, Jose Daniel"]
[Black "Gabriel, Davidson"]
[Result "1-0"]
[WhiteElo "2316"]
[BlackElo "1915"]
[PlyCount "55"]
[EventDate "2021.08.27"]
[EventType "team"]
[EventRounds "9"]
[SourceVersionDate "2018.05.14"]
[WhiteTeam "Bolivia"]
[BlackTeam "Haiti"]
[WhiteTeamCountry "BOL"]
[BlackTeamCountry "HAI"]

1. e4 c5 2. Nf3 d6 3. d4 cxd4 4. Nxd4 Nf6 5. Nc3 a6 6. Bg5 e6 7. f4 Nbd7 8. Qe2
Qc7 9. O-O-O Be7 10. g4 h6 11. Bxf6 Nxf6 12. Bg2 Rb8 13. h4 b5 14. g5 Nd7 15.
Nd5 exd5 16. exd5 Nc5 17. Rhe1 Kf8 18. Kb1 Rb7 19. f5 hxg5 20. hxg5 Kg8 21. Rh1
Rxh1 22. Rxh1 Bxf5 23. Nxf5 g6 24. Qf3 gxf5 25. Qh5 f6 26. Qh8+ Kf7 27. Rh7+
Kg6 28. Qg7# 1-0

[Event "2021 FIDE Online Olympiad"]
[Site "Chess.com"]
[Date "2021.08.27"]
[Round "1.3"]
[White "Seine, Rose Berline"]
[Black "Cordero, Daniela"]
[Result "0-1"]
[WhiteElo "1679"]
[BlackElo "1981"]
[PlyCount "80"]
[EventDate "2021.08.27"]
[EventType "team"]
[EventRounds "9"]
[SourceVersionDate "2018.05.14"]
[WhiteTeam "Haiti"]
[BlackTeam "Bolivia"]
[WhiteTeamCountry "HAI"]
[BlackTeamCountry "BOL"]

1. e4 e6 2. d4 d5 3. exd5 exd5 4. Nf3 Bd6 5. Bd3 Nc6 6. O-O Nge7 7. Re1 Bg4 8.
c3 Qd7 9. Bb5 O-O 10. Nbd2 a6 11. Bd3 f5 12. Qc2 Ng6 13. h3 Bxf3 14. Nxf3 Nf4
15. Bf1 Rae8 16. Bd2 Kh8 17. Rad1 Qf7 18. Qc1 Ng6 19. Rxe8 Rxe8 20. Re1 Rxe1
21. Qxe1 Qe7 22. Qc1 h6 23. Bd3 Qe6 24. Bxh6 gxh6 25. Qxh6+ Kg8 26. Ng5 Qf6 27.
Qh7+ Kf8 28. Qh5 Ke8 29. Nh7 Qe6 30. g3 Nce7 31. Ng5 Qf6 32. h4 Kd7 33. Qf3 c6
34. Kg2 Kc7 35. Qd1 f4 36. Qf3 Nf5 37. Qg4 Nge7 38. Ne6+ Qxe6 39. h5 Ne3+ 40.
fxe3 Qxg4 0-1

[Event "2021 FIDE Online Olympiad"]
[Site "Chess.com"]
[Date "2021.08.27"]
[Round "1.4"]
[White "Monroy G., Nataly A."]
[Black "Paul, Theophane"]
[Result "1-0"]
[WhiteElo "1906"]
[BlackElo "1493"]
[PlyCount "51"]
[EventDate "2021.08.27"]
[EventType "team"]
[EventRounds "9"]
[SourceVersionDate "2018.05.14"]
[WhiteTeam "Bolivia"]
[BlackTeam "Haiti"]
[WhiteTeamCountry "BOL"]
[BlackTeamCountry "HAI"]

1. d4 d5 2. Nf3 c6 3. c4 Nf6 4. Nc3 e6 5. g3 Nbd7 6. Bg2 dxc4 7. O-O Bd6 8. Nd2
O-O 9. Nxc4 Be7 10. e4 Nb6 11. Ne3 h6 12. a4 a5 13. b3 Qc7 14. Nc4 Rd8 15. Bf4
Nxc4 16. Bxc7 Rd7 17. bxc4 Rxc7 18. e5 Nh7 19. c5 f6 20. Ne4 fxe5 21. dxe5 Bf8
22. Nd6 Ng5 23. f4 Nf7 24. Rb1 Rd7 25. Qb3 Re7 26. Bh3 1-0

[Event "2021 FIDE Online Olympiad"]
[Site "Chess.com"]
[Date "2021.08.27"]
[Round "1.5"]
[White "Etienne, Angelo"]
[Black "Vera, Pavel"]
[Result "1-0"]
[WhiteElo "1995"]
[BlackElo "1579"]
[PlyCount "69"]
[EventDate "2021.08.27"]
[EventType "team"]
[EventRounds "9"]
[SourceVersionDate "2018.05.14"]
[WhiteTeam "Haiti"]
[BlackTeam "Bolivia"]
[WhiteTeamCountry "HAI"]
[BlackTeamCountry "BOL"]

1. d4 Nf6 2. Nf3 g6 3. Bf4 Bg7 4. e3 O-O 5. h3 d6 6. Be2 b6 7. O-O Bb7 8. a4 a5
9. c3 Nbd7 10. Nbd2 Qe8 11. Bb5 c6 12. Bc4 e5 13. Bh2 Qe7 14. Be2 e4 15. Ne1
Nd5 16. Nc4 Qe6 17. Nxd6 Ba6 18. Bxa6 Rxa6 19. Qe2 Ra7 20. Qc4 f5 21. f3 exf3
22. Nxf3 f4 23. e4 Qxd6 24. exd5 cxd5 25. Qd3 Nf6 26. Rae1 Ne4 27. Nd2 Ng3 28.
Bxg3 fxg3 29. Rxf8+ Bxf8 30. Nf3 Qc6 31. Ne5 Qxa4 32. Qxg3 Bg7 33. Qf3 Qb3 34.
Nc6 Rf7 35. Ne7+ 1-0

[Event "2021 FIDE Online Olympiad"]
[Site "Chess.com"]
[Date "2021.08.27"]
[Round "1.2"]
[White "Lorenzo De Los Santos, Luis L."]
[Black "Hoffman, Alejandro"]
[Result "0-1"]
[WhiteElo "2111"]
[BlackElo "2507"]
[PlyCount "60"]
[EventDate "2021.08.27"]
[EventType "team"]
[EventRounds "9"]
[SourceVersionDate "2018.05.14"]
[WhiteTeam "Dominican Republic"]
[BlackTeam "Uruguay"]
[WhiteTeamCountry "DOM"]
[BlackTeamCountry "URU"]

1. d4 c5 2. d5 g6 3. c4 Bg7 4. e4 d6 5. Nc3 Nf6 6. Bg5 h6 7. Bd2 O-O 8. Be2 e6
9. a4 exd5 10. cxd5 Re8 11. f3 Na6 12. Bb5 Bd7 13. Nge2 Nb4 14. O-O a6 15. Bxd7
Nxd7 16. Ng3 Qh4 17. f4 Nd3 18. Qe2 c4 19. b3 f5 20. bxc4 N3c5 21. Rab1 fxe4
22. Ncxe4 Bd4+ 23. Kh1 Nxe4 24. Nxe4 Nc5 25. Qd1 Rxe4 26. Rf3 Rae8 27. Rh3 Qf2
28. Rf3 Re1+ 29. Qxe1 Rxe1+ 30. Rxe1 Qxd2 0-1

[Event "2021 FIDE Online Olympiad"]
[Site "Chess.com"]
[Date "2021.08.27"]
[Round "1.4"]
[White "Cabreja Lora, Suzette"]
[Black "Quevedo, Andreina"]
[Result "1/2-1/2"]
[WhiteElo "1623"]
[BlackElo "1843"]
[PlyCount "86"]
[EventDate "2021.08.27"]
[EventType "team"]
[EventRounds "9"]
[SourceVersionDate "2018.05.14"]
[WhiteTeam "Dominican Republic"]
[BlackTeam "Uruguay"]
[WhiteTeamCountry "DOM"]
[BlackTeamCountry "URU"]

1. e4 e5 2. f4 exf4 3. Nf3 Ne7 4. d4 d5 5. Nc3 dxe4 6. Nxe4 Ng6 7. Bc4 Be7 8.
O-O O-O 9. Ne5 Bf5 10. Nxg6 Bxg6 11. Rxf4 Nc6 12. c3 a6 13. Bd3 Qd5 14. Qf3
Rad8 15. Nf2 Qxf3 16. Rxf3 b5 17. Bf4 Bd6 18. Bxd6 Rxd6 19. Ne4 Bxe4 20. Bxe4
Re8 21. Bxc6 Rxc6 22. Raf1 f6 23. a3 a5 24. d5 Rd6 25. Rd3 a4 26. Rfd1 Kf7 27.
Rd4 h5 28. Kf2 Re5 29. c4 bxc4 30. Rxc4 Rexd5 31. Rxc7+ Kg6 32. Rxd5 Rxd5 33.
Rc2 Rd3 34. Ke2 Rb3 35. g3 Kf5 36. Kf2 g5 37. Kg2 g4 38. h3 Kg5 39. h4+ Kf5 40.
Kf2 Rf3+ 41. Kg2 Rb3 42. Kf2 Rf3+ 43. Kg2 Rb3 1/2-1/2

[Event "2021 FIDE Online Olympiad"]
[Site "Chess.com"]
[Date "2021.08.27"]
[Round "1.5"]
[White "Romero, Juan"]
[Black "Hernandez Lora, Miguel Angel"]
[Result "1-0"]
[WhiteElo "1457"]
[BlackElo "1951"]
[PlyCount "29"]
[EventDate "2021.08.27"]
[EventType "team"]
[EventRounds "9"]
[SourceVersionDate "2018.05.14"]
[WhiteTeam "Uruguay"]
[BlackTeam "Dominican Republic"]
[WhiteTeamCountry "URU"]
[BlackTeamCountry "DOM"]

1. e4 c5 2. Nf3 e6 3. d4 cxd4 4. Nxd4 Nf6 5. Nc3 Nc6 6. Nxc6 bxc6 7. Bg5 Be7 8.
e5 Nd5 9. Bxe7 Qxe7 10. Nxd5 cxd5 11. Qg4 O-O 12. Bd3 d6 13. f4 dxe5 14. fxe5
f5 15. Qd4 1-0

[Event "2021 FIDE Online Olympiad"]
[Site "Chess.com"]
[Date "2021.08.27"]
[Round "2.1"]
[White "Van den Brink, Peter"]
[Black "Araujo Sanchez, Josue"]
[Result "1/2-1/2"]
[WhiteElo "2185"]
[BlackElo "2066"]
[PlyCount "157"]
[EventDate "2021.08.27"]
[EventType "team"]
[EventRounds "9"]
[SourceVersionDate "2018.05.14"]
[WhiteTeam "Aruba"]
[BlackTeam "Dominican Republic"]
[WhiteTeamCountry "ARN"]
[BlackTeamCountry "DOM"]

1. c4 g6 2. g3 Bg7 3. Bg2 c5 4. Nc3 Nc6 5. Nf3 e5 6. O-O Nge7 7. Ne1 d6 8. Nc2
Be6 9. Ne3 Rb8 10. a3 a6 11. Rb1 b5 12. d3 O-O 13. Ned5 b4 14. axb4 cxb4 15.
Nxe7+ Nxe7 16. Nd5 Nxd5 17. cxd5 Bd7 18. b3 Qc7 19. Bb2 Bh6 20. e3 f5 21. Qd2
Rfc8 22. Rfc1 Qb6 23. Rc4 a5 24. Rbc1 Rxc4 25. dxc4 Rc8 26. Rc2 a4 27. bxa4
Bxa4 28. Rc1 Bg7 29. Bf1 h5 30. h4 Kf7 31. Be2 Bf6 32. Bd1 Bxd1 33. Qxd1 Rc5
34. Qb3 Bd8 35. Ra1 Ra5 36. Ra4 Rxa4 37. Qxa4 Ke7 38. Qb3 Qa5 39. Kg2 Bb6 40.
Kh2 Bc5 41. Kg2 Qa8 42. Kh2 Kf7 43. Kg2 Kg8 44. Kh2 Kh7 45. Kg2 Kh6 46. Kh2 Qa7
47. Kg2 Qa8 48. Kh2 g5 49. hxg5+ Kxg5 50. f4+ Kf6 51. Kg2 h4 52. gxh4 Qg8+ 53.
Kf2 Qg4 54. fxe5+ dxe5 55. Bxe5+ Kxe5 56. Qb2+ Kd6 57. Qf6+ Kd7 58. Qc6+ Kd8
59. Qxc5 Qxh4+ 60. Ke2 Qg4+ 61. Kd2 Qg2+ 62. Kc1 Qf1+ 63. Kb2 Qd3 64. Qxb4 Qe2+
65. Kb3 Qxe3+ 66. Qc3 Qb6+ 67. Kc2 Qf2+ 68. Qd2 Qf1 69. Qa5+ Kd7 70. Qa7+ Kd6
71. Qb6+ Ke5 72. Qe3+ Kd6 73. Qe6+ Kc5 74. Qc6+ Kd4 75. Qb6+ Ke4 76. Qe6+ Kd4
77. Qb6+ Ke4 78. Qe6+ Kd4 79. Qb6+ 1/2-1/2

[Event "2021 FIDE Online Olympiad"]
[Site "Chess.com"]
[Date "2021.08.27"]
[Round "2.2"]
[White "Lorenzo De Los Santos, Luis L."]
[Black "Croes, Octavio"]
[Result "1-0"]
[WhiteElo "2111"]
[BlackElo "1794"]
[PlyCount "77"]
[EventDate "2021.08.27"]
[EventType "team"]
[EventRounds "9"]
[SourceVersionDate "2018.05.14"]
[WhiteTeam "Dominican Republic"]
[BlackTeam "Aruba"]
[WhiteTeamCountry "DOM"]
[BlackTeamCountry "ARN"]

1. d4 Nf6 2. c4 e6 3. Nf3 b6 4. g3 Bb7 5. Bg2 Be7 6. O-O O-O 7. d5 exd5 8. Nh4
Ne4 9. cxd5 Bxh4 10. gxh4 Qxh4 11. Qa4 Bxd5 12. f3 Bc6 13. Qc4 d5 14. Qc2 Nf6
15. Bd2 Bb5 16. Nc3 Ba6 17. Be1 Qh5 18. a4 c5 19. Nb5 Qe5 20. Bg3 Qe3+ 21. Bf2
Qe7 22. Bg3 Qe3+ 23. Kh1 Ne8 24. Ra3 Qe7 25. e4 dxe4 26. fxe4 Bb7 27. Be1 Nc6
28. Rh3 Ne5 29. Nc3 c4 30. Nd5 Qe6 31. Bc3 Rd8 32. Qe2 Qg4 33. Qd2 Nd3 34. Rg3
Qd7 35. Rxg7+ Nxg7 36. Nf6+ Kh8 37. Nxd7 Rxd7 38. Qg5 Rg8 39. h4 1-0

[Event "2021 FIDE Online Olympiad"]
[Site "Chess.com"]
[Date "2021.08.27"]
[Round "2.3"]
[White "Jacobs, Annelaine"]
[Black "Martinez Jimenez, Manyeli"]
[Result "1-0"]
[WhiteElo "1612"]
[BlackElo "1393"]
[PlyCount "112"]
[EventDate "2021.08.27"]
[EventType "team"]
[EventRounds "9"]
[SourceVersionDate "2018.05.14"]
[WhiteTeam "Aruba"]
[BlackTeam "Dominican Republic"]
[WhiteTeamCountry "ARN"]
[BlackTeamCountry "DOM"]

1. e4 e5 2. Nf3 Nc6 3. Bb5 Nf6 4. d3 d6 5. h3 Be7 6. O-O O-O 7. c3 Bd7 8. Re1
a6 9. Ba4 b5 10. Bc2 Qc8 11. Bg5 h6 12. Bxf6 Bxf6 13. Nbd2 Ne7 14. Nf1 Ng6 15.
Ng3 Nf4 16. Nh2 Bh4 17. Qf3 f5 18. exf5 Bxf5 19. Ng4 Be6 20. Qe4 Bxg4 21. hxg4
Qxg4 22. d4 Bxg3 23. fxg3 Qxg3 24. Qh7+ Kf7 25. Qf5+ Ke7 26. Qe4 Rae8 27. dxe5
Kd8 28. Qa8+ Ke7 29. exd6+ Kxd6 30. Rad1+ Kc5 31. Qa7+ Kc6 32. Qf2 Ne2+ 33.
Rxe2 Rxf2 34. Rxf2 Qe3 35. Rdf1 Re5 36. Bb3 Kb6 37. Kh1 Rh5+ 38. Kg1 Qe5 39.
Rf7 Qh2+ 40. Kf2 Qh4+ 41. Ke2 Re5+ 42. Kd1 Qh5+ 43. Kc1 Qe2 44. Kb1 Qxg2 45.
R7f2 Qe4+ 46. Bc2 Qb7 47. a3 Qc8 48. Ka2 Qe6+ 49. Bb3 Qe7 50. Rf7 Qg5 51. R7f3
a5 52. Bc2 a4 53. Kb1 Qe7 54. Rf7 Re1+ 55. Rxe1 Qxe1+ 56. Ka2 Qe6+ 1-0

[Event "2021 FIDE Online Olympiad"]
[Site "Chess.com"]
[Date "2021.08.27"]
[Round "2.4"]
[White "Cabreja Lora, Suzette"]
[Black "Cielo, Lesley"]
[Result "1-0"]
[WhiteElo "1623"]
[BlackElo "1243"]
[PlyCount "37"]
[EventDate "2021.08.27"]
[EventType "team"]
[EventRounds "9"]
[SourceVersionDate "2018.05.14"]
[WhiteTeam "Dominican Republic"]
[BlackTeam "Aruba"]
[WhiteTeamCountry "DOM"]
[BlackTeamCountry "ARN"]

1. e4 c5 2. Nf3 Nc6 3. d4 cxd4 4. Nxd4 d6 5. Nc3 g6 6. f3 Bg7 7. Be3 Nf6 8. Bc4
O-O 9. Qd2 e6 10. O-O-O a6 11. h4 h5 12. Kb1 b5 13. Bb3 Ne5 14. Bg5 Bb7 15. g4
hxg4 16. h5 gxf3 17. hxg6 Nxg6 18. Qh2 Qc7 19. Bxf6 1-0

[Event "2021 FIDE Online Olympiad"]
[Site "Chess.com"]
[Date "2021.08.27"]
[Round "2.5"]
[White "Stetsenko, Ilya"]
[Black "Hernandez Lora, Miguel Angel"]
[Result "0-1"]
[WhiteElo "1683"]
[BlackElo "1951"]
[PlyCount "48"]
[EventDate "2021.08.27"]
[EventType "team"]
[EventRounds "9"]
[SourceVersionDate "2018.05.14"]
[WhiteTeam "Aruba"]
[BlackTeam "Dominican Republic"]
[WhiteTeamCountry "ARN"]
[BlackTeamCountry "DOM"]

1. d4 d5 2. c4 e6 3. Nc3 c5 4. cxd5 exd5 5. Nf3 Nc6 6. g3 Nf6 7. Bg2 Be7 8. O-O
O-O 9. Bg5 cxd4 10. Nxd4 h6 11. Nxc6 bxc6 12. Be3 Be6 13. Na4 Qa5 14. Rc1 Rfc8
15. Qc2 c5 16. Rfd1 Rab8 17. b3 c4 18. Qd2 Qa6 19. Nc3 Bb4 20. bxc4 Rxc4 21.
Bd4 Ne8 22. Qe3 Qc6 23. Bxa7 Rc8 24. Nxd5 Rxc1 0-1

[Event "2021 FIDE Online Olympiad"]
[Site "Chess.com"]
[Date "2021.08.27"]
[Round "2.1"]
[White "Zambrana, Oswaldo"]
[Black "Rodriguez Vila, Andres"]
[Result "1/2-1/2"]
[WhiteElo "2464"]
[BlackElo "2481"]
[PlyCount "54"]
[EventDate "2021.08.27"]
[EventType "team"]
[EventRounds "9"]
[SourceVersionDate "2018.05.14"]
[WhiteTeam "Bolivia"]
[BlackTeam "Uruguay"]
[WhiteTeamCountry "BOL"]
[BlackTeamCountry "URU"]

1. e4 e6 2. d4 d5 3. Nd2 c5 4. Ngf3 cxd4 5. exd5 Qxd5 6. Bc4 Qd7 7. O-O Nc6 8.
Nb3 a6 9. Nbxd4 Nxd4 10. Nxd4 Qc7 11. Bb3 Bd6 12. Kh1 Bd7 13. Qf3 Ne7 14. Bg5
O-O 15. Rad1 e5 16. Bxe7 Bxe7 17. Nf5 Bxf5 18. Qxf5 g6 19. Rd7 Qc6 20. Qh3 Rae8
21. Rfd1 Rd8 22. c3 Rxd7 23. Qxd7 Bc5 24. Qxc6 bxc6 25. Kg1 Re8 26. Ba4 Re6 27.
Kf1 Rf6 1/2-1/2

[Event "2021 FIDE Online Olympiad"]
[Site "Chess.com"]
[Date "2021.08.27"]
[Round "2.2"]
[White "Hoffman, Alejandro"]
[Black "Gemy, Jose Daniel"]
[Result "1/2-1/2"]
[WhiteElo "2507"]
[BlackElo "2316"]
[PlyCount "91"]
[EventDate "2021.08.27"]
[EventType "team"]
[EventRounds "9"]
[SourceVersionDate "2018.05.14"]
[WhiteTeam "Uruguay"]
[BlackTeam "Bolivia"]
[WhiteTeamCountry "URU"]
[BlackTeamCountry "BOL"]

1. Nf3 Nf6 2. c4 g6 3. Nc3 Bg7 4. e4 d6 5. d4 O-O 6. Be2 Nc6 7. Be3 e5 8. d5
Ne7 9. Nd2 Ne8 10. O-O f5 11. exf5 gxf5 12. f4 exf4 13. Bxf4 Ng6 14. g3 Nxf4
15. gxf4 Nf6 16. h3 Qe8 17. Kh2 Kh8 18. Nb3 Ne4 19. Nd4 Qg6 20. Qd3 Bd7 21. Rf3
Rae8 22. Rg1 Qf6 23. Ndb5 Bxb5 24. Nxb5 Qxb2 25. Rg2 Re7 26. Bd1 Qf6 27. Nxa7
Bh6 28. Nb5 Nc5 29. Qf1 Ne4 30. Qd3 Nc5 31. Qf1 Ne4 32. Bc2 c6 33. Na3 Qd4 34.
Rd3 Qf6 35. Nb1 Qh4 36. Rf3 cxd5 37. cxd5 Rc8 38. Bd3 Qf6 39. Qg1 Rg7 40. Rxg7
Bxg7 41. Qb6 Qe7 42. Rf1 Bh6 43. Qd4+ Bg7 44. Qb6 Bh6 45. Qd4+ Bg7 46. Qb6
1/2-1/2